Z jakiego kraju pochodzi dana marka? - Statystyki

Ogólne statystyki
  • Ten quiz został rozwiązany 73 razy
  • Średni wynik to 8 z 16
Statystyki odpowiedzi
Obrazkowy Odpowiedź % Poprawnych
Szwecja
98%
Korea Południowa
83%
Finlandia
82%
Hiszpania
80%
Stany Zjednoczone
77%
Polska
72%
Rumunia
68%
Wielka Brytania
54%
Niemcy
48%
Holandia
42%
Włochy
42%
Francja
28%
Chiny
22%
Japonia
20%
Rosja
18%
Dania
8%
Nie znaleziono quizów pasujących do podanych kryteriów
Rozkład punktacji
Procent ludzi z każdym wynikiem
Percentyl według liczby udzielonych odpowiedzi
Twoja historia wyników
Nie rozwiązałeś tego quizu